000
00304nam a22001337a 4500
008
170728b xxu||||| |||| 00| 0 eng d
020
_a
9780024096111
041
_a
eng
080
_a
004
100
_a
32
101
_a
SHK
245
_a
DEVELOPMENT OF DISTRIBUTED SOFTWARE
_c
SHATZ,Z.M
942
_2
udc
_c
BK
999
_c
22150
_d
22150